Proyectos verdes : manual de actividades participativas para la acción ambiental /
Guardado en:
| Autor Principal: | |
|---|---|
| Formato: | Libro |
| Publicado: |
Buenos Aires :
Planeta,
1994
|
| Series: | Biblioteca de ecología
|
| Materias: | |
| Etiquetas: |
Agregar Etiqueta
Sin Etiquetas, Sea el primero en etiquetar este registro!
|
| LEADER | 00980nam a22002295a 4500 | ||
|---|---|---|---|
| 001 | CEM.cems009930 | ||
| 005 | 20080702083010.0 | ||
| 008 | 130507s1994##################000#0#####d | ||
| 003 | CEMS | ||
| 020 | |a 9507424415 | ||
| 082 | 0 | 4 | |a 574.5 |
| 100 | 1 | |a Houstoun, Helena | |
| 245 | 1 | 0 | |a Proyectos verdes : |b manual de actividades participativas para la acción ambiental / |c Helena Houstoun |
| 260 | |a Buenos Aires : |b Planeta, |c 1994 | ||
| 300 | |a 167 p. | ||
| 490 | 0 | |a Biblioteca de ecología | |
| 505 | 0 | |a Proyectos verdes -- Hacia una educación para el ambiente y el desarrollo sustentable -- Hacia una ética ambiental, valores y actitudes -- La problemática ambiental: procesamiento y comunicación de la información -- Estrategias y enfoques curriculares -- Recursos | |
| 653 | |a Ecología | ||
| 653 | |a Educación ambiental | ||
| 653 | |a Medio ambiente | ||
| 653 | |a Educación ambiental-estrategias de aprendizaje | ||
| 859 | |a CEMS |b BIB. CEMS - 11 de abril |h 574.5 |i H818 |p 20250.99 |t Ej.1 | ||
